Quiz do Mapa da América do Sul - Statistics

Estatísticas Gerais
  • Esse quiz foi jogado 87 543 vezes
  • A pontuação média é 10 de 14
Respostas no mapa
Respostas codificadas por cores de uma escala verde-vermelha no mapa do quiz de acordo com a % correta abaixo.
 
Estatísticas das Respostas
Resposta % Correto
Brasil
96%
Chile
90%
Argentina
89%
Uruguai
81%
Paraguai
79%
Equador
72%
Ilhas Malvinas
(Reino Unido )
72%
Venezuela
69%
Bolívia
68%
Colômbia
67%
Guiana Francesa
66%
Peru
66%
Suriname
56%
Guiana
53%
Nenhum quiz correspondente encontrado
Distribuição das Pontuações
Porcentagem de Pessoas com Cada Pontuação
Percentil de Números Respondidos
Sua Pontuação Histórica
Você não jogou esse quiz